000 01334nam0a2200337 i 4500
001 RU\NLR\bibl\2035468
005 20241103102219.0
010 _a9785170773909
_bцветная
_92000
021 _aRU
_b2013-31948
_92195
021 _aRU
_b2013-42284
_92924
035 _a(NLR Aleph) 002022962
090 _a4513461
_c4513461
100 _a20130522d2013 u y0rusy50 ca
101 1 _arus
_ceng
102 _aRU
105 _aa |||||||||
200 1 _aДизайн вашего сада
_eварианты готовых решений
_fТим Ньюбери
_g[пер. с англ. О.В. Козловой]
210 _aМосква
_cАСТ
_cКладезь
_d2013
215 _a207 с.
_cил., цв. ил.
_d24
320 _aУказ. латин. назв. растений: с. 204-207
320 _aУказ. рус. назв. растений, представл. на фот.: с. 207
606 _aПриусадебные участки
_xОзеленение
_91111004
_3RU\NLR\auth\66438881
606 1 _aДекоративные растения
_xАссортимент
_92334707
_3RU\NLR\auth\661395917
686 _aП27
686 _aЩ118.722
700 1 _aНьюбери
_bТ.
_gТим
_4070
801 0 _aRU
_bNLR
_c20130522
_gRCR
801 1 _aRU
_bNLR
_c20130522
942 _cBOOK
980 _aNBR